Quizzes
Events
Quiz Creation
Community
Videos
Private Events
Remove Ads
Sign In
Join for FREE
Feedback
Dark Mode
Quiz Categories
Sports
Geography
Music
Movies
Television
Just For Fun
Miscellaneous
History
Literature
Language
Science
Gaming
Entertainment
Religion
Holiday
For Kids
Quiz Lab
Recent
Popular Today
Quiz Kudos Today
Editor Picks
Curator Picks
Quizzes by...
Day
Popularity
Type
Ratings
Length
Year
Community
Subscriptions
Recent Discussions
Orange Saloon
Badges
Playlists
Quests
Create
Leaderboards
Showdown
Live 5
Trivia Bingo
Activity
Puzzle Library
Sporcle Events
Private Events
Virtual Trivia
Globe League
Become a Host
Pub Owners
SporcleCon
Opinionation
Our Games
Videos
Blog
Mobile Apps
Partnerships
Remove Ads and Go Orange
Feedback
History
US Presidents
World Leaders
Politics
Nation
Discovery
War
Decade
Year
Century
Biography
Art
History
US Presidents
World Leaders
Politics
Nation
Discovery
War
Decade
Year
Century
Biography
Art
Random Quiz
Search Sporcle
×
Quiz Lab
Quiz Lab
History
Actor
Type in answers that appear in a list
Type in answers that appear in a list
Classic
Best Score? Go Orange.
Famous Namesakes of Famous People Stats
Can you name the famous people named after other famous people?
By
Deborah
8m
15 Questions
137 Plays
137 Plays
137 Plays
Comments
Comments
Give Quiz Kudos
Give Quiz Kudos
-
- Ratings
hide this ad
More Info
Random Order
Randomize order of answers
Randomize order of answers
Replay
Link that replays current quiz
Next Quiz
Link to next quiz in quiz playlist
You Got
0%
They Got
Avg Score
14%
Avg Friend Score
Upgrade to see
Score Distribution
Jump to the score distribution portion of the page
Score
0/15
Timer
08:00
0
Plays Today
Famous Person / Famous Namesake
Name
% Correct
Civil rights leader /
Theologian
Martin Luther King, Jr.
84.7%
Inventor /
Founding Father
George Washington Carver
29.2%
War general /
Shawnee chief
William Tecumseh Sherman
25.5%
Lost Generation author /
Anthem lyricist
Francis Scott Key Fitzgerald
20.4%
Folk singer /
U.S. president
Woodrow Wilson 'Woody' Guthrie
12.4%
Film director /
Film actor
Steve McQueen
10.9%
Soccer player /
U.S. president
Cristiano Ronaldo dos Santos Aveiro
10.9%
Rubber manufacturer /
Founding Father
B.F. Goodrich
8%
Famous Person / Famous Namesake
Name
% Correct
5.5%
Popular music icon /
Prime minister
John Winston Lennon
4.4%
Industrialist /
'Great Triumvirate' speaker
Henry Clay Frick
2.2%
Watergate conspirator /
War general
Jeb Stuart Magruder
2.2%
R&B star /
Civil rights leader
Booker T. Jones
2.2%
Singer-
songwriter /
singer-
songwriter
Taylor Swift
2.2%
President /
U.S. president
Jefferson Davis
1.5%
Quiz Playlist
Details
Report
Send in Message
Add To Playlist
More Info:
Guess the people who grew up with a famous namesake--and became famous themselves.
Classic:
Type in answers that appear in a list
Random Order:
Randomize order of answers
Last Updated: Feb 16, 2017
Quiz Scoreboard
CHALLENGE
Sign Up to Join the Scoreboard
Show All
Scores
Hide
Comments
May contain spoilers
Recently Published
Billboard Blitz: Fleetwood Mac
by CooCooCachoo
Music
15s
Presidents Visiting Landmarks
by Hejman
History
7m
An Introduction to Baseball
by treessimontrees
Sports
5m
More to Explore
Quiz From the Vault
Featured Blog Post
Where Did the Easter Bunny Come From?
hide this ad
You Might Also Like...
Tags
Actor Quiz
Athletes Quiz
Director Quiz
Eponymous
Founding Fathers
Historical Figures
Industry
Inventor
Musician
name
Native American
Politician
Today's Top Quizzes in History
Browse History
hide this ad
Today's Top Quizzes in Actor
Browse Actor
Top Contributed Quizzes in History
1
Popular People in 1991
2
Popular People in 1981
3
Popular People in 1951
4
Popular People in 1941
5
Popular People in 1986
6
Popular People in 1976
7
Popular People in 1921
8
I Am Born On March 28th
9
5-to-1: 20th Century Images of War
10
Popular People in 1946
Explore More
Trending Topics
Harry Potter
Disney
Crossword
NBA
Marvel
Kpop
Anime
NFL
Song
The Office
Puzzle
Country
WWE
Pokémon
Soccer
hide this ad
More By:
Deborah
Quiz
Plays
Rating
Category
Featured
Created
Is it a New York City Subway Station?
2,012
4.50
Just For Fun
Jan 2, 2015
Beatles Songs in Lolcat
550
4.31
Music
Jan 13, 2011
Sci-Fi/Fantasy Character or Prescription Drug?
466
5.00
Literature
Jan 13, 2016
NYC Illegal Pets
293
5.00
Just For Fun
Nov 10, 2015
Order of Human Migrations
291
5.00
History
Nov 27, 2014
Go to Creator's Profile
Score Distribution
Quiz Creator Spotlight
Deborah
Follow
Send a Message
Quizzes Created
-
Created Quiz Play Count
-
More By This Creator
Popular Quizzes Today
1
Find the US States - No Outlines Minefield
2
Find the Countries of Europe - No Outlines Minefield
3
The Countries of the World
4
Find the US States
5
US States
6
Popular People in 1961
7
Risky Map Clicking: Biggest States A-Z
8
Movies - When Are They Set?
More History Quizzes
Years by European History Events
Published
Trending Quizzes
Risky Map Clicking: Least Populous States A-Z
1-10 Letter G Words
1-10 Letter F Words
Risky Map Clicking: Next State Alphabetically
Risky Map Clicking: Biggest States A-Z
Recently Updated
Leaping Animals
pecheneg
Reality TV Shows (A-Z)
bhenderson79
Rickey Henderson's Hall of Fame Teammates
pecheneg
Champions League XIs: Arsenal
pecheneg
Quick Pick: Celebrities in WWE's Hall of Fame
aduchscher
A-Z Keypad Blitz II
pecheneg
Multiple Oscar Actors
pecheneg
Mystery Phrase Blitz: Oscar 'Best Actors'
pecheneg
F. Scott Fitzgerald Novels
LTH
Pick 3 Villains
ddd62291
Trending Topics
Marvel
Anime
Crossword
Disney
Kpop
Harry Potter
NBA
Pokémon
NFL
Soccer
Country
Puzzle
Song
The Office
WWE
Your Account Isn't Verified!
In order to create a playlist on Sporcle, you need to verify the email address you used during registration. Go to your
Sporcle Settings
to finish the process.
Report this User
Report this user for behavior that violates our
Community Guidelines
.
Details:
Send Report
Go to the Sporcle.com Mobile Site →
Comments